| 000 | 00535nam a2200193 a 4500 | ||
|---|---|---|---|
| 003 | DLC | ||
| 005 | 20210219152754.0 | ||
| 008 | 010313c 9999 r1 0 0eng d | ||
| 022 | _a0269-9524 | ||
| 035 | _aUPN01000060641 | ||
| 245 | 0 | 0 | _aINFANT PROJECTS |
| 260 | _aInglaterra | ||
| 260 | _bScholastic Publication | ||
| 310 | _aBimensual | ||
| 505 | 0 | _aTit. ant: Child Education Special (ISSN 0262-7507); Child Education Quarterly (ISSN 0045-6640) | |
| 653 | 0 | _aEDUCACION INFANTIL | |
| 905 | _aRevista | ||
| 999 |
_c60378 _d60378 |
||